000 00763nam a22002537a 4500
001 129032
003 UA-OsUOA
005 20220407211825.0
007 ta
008 20180214b un ||||| |||| 00| 0 ukr d
040 _aUA-OsUOA
_brus
_cUA-OsUOA
_dUA-OsUOA
041 _arus
080 _a821.161.1
090 _a821.161.1
_bТ52
245 _aПолное собраніе сочиненій Л. Н. Толстого
_cподъ ред. П. И. Бирюкова
260 _aМ.
_bИ. Д. Сытина
_c1913
300 _a322 с.
505 _gТ. 17
650 7 _a821 Художня література
_2UDC
700 1 _aБирюков П. И.
_eред.
942 _cRB
_2udc
955 _a3
999 _c416727
_d416727